000 00853cab a2200265 4500
001 WB2814-47
008 090401t1992 xxu||||| |||| 00| 0 eng d
035 _a(Sirsi) u69101
041 _aeng
245 _aDeadline for UBR appeals
260 _c1992
350 _a0
490 _aChartered Surveyor Weekly
_v38(12) 26 March 1992, 6(1)
520 _aThe Government has abolished the 1 April deadline for UBR appeals so that alterations to the rating assessment by the VO or the ratepayer after 31 March will come into effect in the following rate year.
650 _a1 APRIL DEADLINE
650 _aALTERATIONS
650 _aDEADLINE
650 _aRATING APPEALS
650 _aRATING ASSESSMENTS
650 _aUNIFORM BUSINESS RATE
650 _aVALUATION LIST
690 _aRATING AND VALUATION
942 _n0
948 _c04/03/1997
999 _c43405
_d43405